Panorámicas

Uloženo v:
Podrobná bibliografie
Hlavní autor: Munita Martínez, Guisela (autora)
Médium: Kniha
Jazyk:španělština
Vydáno: Santiago Centro de Difusión y Estudios de la Fotografía 2000
Témata:
Tagy: Přidat tag
Žádné tagy, Buďte první, kdo vytvoří štítek k tomuto záznamu!

MARC

LEADER 00000nam a2200000 a 4500
001 UCJ9559
003 CL-VaPUC
008 070323e20000000CL |||||||||||||||||spa|d
082 0 4 |a 770.232  |b MUN  |2 21 
100 |a Munita Martínez, Guisela  |e autora  |9 519539 
245 1 0 |a Panorámicas 
300 |a Pág. irreg 
942 |c BK 
945 |d 20070323 00:00:00  |a cmena 
260 |a Santiago  |b Centro de Difusión y Estudios de la Fotografía  |c 2000 
500 |a Textos: José de Nordenflycht, Alfredo Madrid Letelier 
650 0 |a Fotografías  |9 268494 
650 7 |a EXPOSICIONES ARTISTICAS  |2 CL-VaPUC  |9 519540 
650 0 |a Paisajes  |9 344660 
650 0 |a Zonas urbanas  |9 337776 
583 |a last modification  |c 20070323 00:00:00  |k Rodrigo Vera 
999 |c 325019  |d 325017 
952 |0 0  |1 0  |4 0  |6 770_232000000000000_MUN_2000  |7 0  |8 R  |9 405462  |a BIBART  |b BIBART  |d 2019-11-22  |i 4281225  |o 770.232 MUN 2000  |p 4281225  |r 2025-03-13  |w 2019-11-22  |y BK_R  |k ART